[Event "Stay Safe Play From Home 384"]
[Site "Emanuel Lasker Arena"]
[Date "2020.08.14"]
[Round "3"]
[White "Uttamchess"]
[Black "Lazieri3"]
[Result "0-1"]
[WhiteElo "1923"]
[BlackElo "2105"]
[PlyCount "186"]
[EventDate "2020.08.14"]
[EventType "swiss (blitz)"]

1. Nf3 {[%emt 0:00:04]} c6 {[%emt 0:00:00]} 2. g3 {[%emt 0:00:00]} d5 {[%emt 0:00:00]} 3. Bg2 {[%emt 0:00:01]} Nf6 {[%emt 0:00:07]} 4. O-O {[%emt 0:00:00]} Bf5 {[%emt 0:00:01]} 5. d3 {[%emt 0:00:00]} Qc8 {[%emt 0:00:01]} 6. Nbd2 {[%emt 0:00:02]} Bh3 {[%emt 0:00:01]} 7. e4 {[%emt 0:00:01]} h5 {[%emt 0:00:01]} 8. e5 {[%emt 0:00:04]} Ng8 {[%emt 0:00:03]} 9. d4 {[%emt 0:00:05]} h4 {[%emt 0:00:01]} 10. Nxh4 {[%emt 0:00:03]} g5 {[%emt 0:00:02]} 11. Nhf3 {[%emt 0:00:07]} Bxg2 {[%emt 0:00:01]} 12. Kxg2 {[%emt 0:00:00]} Qh3+ {[%emt 0:00:01]} 13. Kg1 {[%emt 0:00:01]} f5 {[%emt 0:00:18]} 14. Re1 {[%emt 0:00:06]} e6 {[%emt 0:00:04]} 15. Nf1 {[%emt 0:00:02]} g4 {[%emt 0:00:04]} 16. Ng5 {[%emt 0:00:03]} Qh5 {[%emt 0:00:11]} 17. Nxe6 {[%emt 0:00:03]} Na6 {[%emt 0:00:21]} 18. c4 {[%emt 0:00:25]} Ne7 {[%emt 0:00:15]} 19. b4 {[%emt 0:00:20]} Kd7 {[%emt 0:00:19]} 20. Nf4 {[%emt 0:00:04]} Qh7 {[%emt 0:00:08]} 21. b5 {[%emt 0:00:01]} Nc7 {[%emt 0:00:07]} 22. bxc6+ {[%emt 0:00:02]} bxc6 {[%emt 0:00:00]} 23. cxd5 {[%emt 0:00:02]} Nexd5 {[%emt 0:00:04]} 24. f3 {[%emt 0:00:10]} Bb4 {[%emt 0:00:14]} 25. Re2 {[%emt 0:00:31]} gxf3 {[%emt 0:00:09]} 26. Rc2 {[%emt 0:00:05]} Bc3 {[%emt 0:00:27]} 27. Rb1 {[%emt 0:00:10]} Rab8 {[%emt 0:00:04]} 28. Rxb8 {[%emt 0:00:09]} Rxb8 {[%emt 0:00:00]} 29. e6+ {[%emt 0:00:01]} Nxe6 {[%emt 0:00:35]} 30. Nxd5 {[%emt 0:00:02]} Bxd4+ {[%emt 0:00:03]} 31. Be3 {[%emt 0:00:08]} Bxe3+ {[%emt 0:00:05]} 32. Ndxe3+ {[%emt 0:00:02]} Kc7 {[%emt 0:00:11]} 33. Qxf3 {[%emt 0:00:03]} Rb6 {[%emt 0:00:06]} 34. Nd5+ {[%emt 0:00:03]} Kb7 {[%emt 0:00:04]} 35. Nxb6 {[%emt 0:00:00]} Nd4 {[%emt 0:00:00]} 36. Qc3 {[%emt 0:00:16]} Nxc2 {[%emt 0:00:01]} 37. Qxc2 {[%emt 0:00:06]} axb6 {[%emt 0:00:00]} 38. Ne3 {[%emt 0:00:02]} Qe7 {[%emt 0:00:01]} 39. Kf2 {[%emt 0:00:06]} f4 {[%emt 0:00:01]} 40. Nf5 {[%emt 0:00:11]} Qe5 {[%emt 0:00:04]} 41. g4 {[%emt 0:00:12]} b5 {[%emt 0:00:02]} 42. Qd2 {[%emt 0:00:09]} Qc5+ {[%emt 0:00:02]} 43. Kf3 {[%emt 0:00:08]} Qg1 {[%emt 0:00:01]} 44. Kxf4 {[%emt 0:00:04]} Qf1+ {[%emt 0:00:02]} 45. Kg5 {[%emt 0:00:02]} Qh3 {[%emt 0:00:00]} 46. Qd7+ {[%emt 0:00:02]} Kb6 {[%emt 0:00:02]} 47. Qd4+ {[%emt 0:00:00]} Kc7 {[%emt 0:00:02]} 48. Qf4+ {[%emt 0:00:03]} Kb7 {[%emt 0:00:03]} 49. Nd6+ {[%emt 0:00:01]} Ka6 {[%emt 0:00:03]} 50. Kf5 {[%emt 0:00:00]} Qd3+ {[%emt 0:00:02]} 51. Ne4 {[%emt 0:00:01]} Qd7+ {[%emt 0:00:01]} 52. Kg5 {[%emt 0:00:01]} Qg7+ {[%emt 0:00:02]} 53. Kh4 {[%emt 0:00:03]} Qe7+ {[%emt 0:00:01]} 54. Kh5 {[%emt 0:00:04]} Qh7+ {[%emt 0:00:02]} 55. Kg5 {[%emt 0:00:01]} Qg7+ {[%emt 0:00:01]} 56. Kf5 {[%emt 0:00:01]} Qd7+ {[%emt 0:00:02]} 57. Kg6 {[%emt 0:00:02]} Qe8+ {[%emt 0:00:02]} 58. Kh6 {[%emt 0:00:02]} Qh8+ {[%emt 0:00:02]} 59. Kg6 {[%emt 0:00:03]} Qg8+ {[%emt 0:00:01]} 60. Kf6 {[%emt 0:00:03]} Qf8+ {[%emt 0:00:01]} 61. Ke5 {[%emt 0:00:04]} Qb8+ {[%emt 0:00:02]} 62. Nd6 {[%emt 0:00:02]} Qh8+ {[%emt 0:00:02]} 63. Ke4 {[%emt 0:00:08]} Qh7+ {[%emt 0:00:07]} 64. Nf5 {[%emt 0:00:03]} Qb7 {[%emt 0:00:04]} 65. Qe5 {[%emt 0:00:04]} c5+ {[%emt 0:00:02]} 66. Kf4 {[%emt 0:00:00]} c4 {[%emt 0:00:01]} 67. Nd6 {[%emt 0:00:03]} Qd7 {[%emt 0:00:03]} 68. g5 {[%emt 0:00:02]} c3 {[%emt 0:00:02]} 69. Qxb5+ {[%emt 0:00:05]} Qxb5 {[%emt 0:00:01]} 70. Nxb5 {[%emt 0:00:00]} c2 {[%emt 0:00:01]} 71. Nc7+ {[%emt 0:00:01]} Kb7 {[%emt 0:00:01]} 72. g6 {[%emt 0:00:02]} c1=Q+ {[%emt 0:00:01]} 73. Kf5 {[%emt 0:00:00]} Qxc7 {[%emt 0:00:01]} 74. h4 {[%emt 0:00:00]} Kc6 {[%emt 0:00:04]} 75. h5 {[%emt 0:00:01]} Qg7 {[%emt 0:00:00]} 76. Kg5 {[%emt 0:00:01]} Kd6 {[%emt 0:00:01]} 77. h6 {[%emt 0:00:00]} Qe5+ {[%emt 0:00:01]} 78. Kg4 {[%emt 0:00:00]} Ke6 {[%emt 0:00:01]} 79. g7 {[%emt 0:00:00]} Kf7 {[%emt 0:00:03]} 80. a4 {[%emt 0:00:00]} Kg8 {[%emt 0:00:02]} 81. a5 {[%emt 0:00:02]} Qxa5 {[%emt 0:00:01]} 82. Kh4 {[%emt 0:00:00]} Kh7 {[%emt 0:00:01]} 83. Kg4 {[%emt 0:00:00]} Qd5 {[%emt 0:00:01]} 84. Kh4 {[%emt 0:00:01]} Kxh6 {[%emt 0:00:01]} 85. Kh3 {[%emt 0:00:02]} Kxg7 {[%emt 0:00:01]} 86. Kh4 {[%emt 0:00:00]} Kf6 {[%emt 0:00:01]} 87. Kh3 {[%emt 0:00:01]} Qe4 {[%emt 0:00:01]} 88. Kh2 {[%emt 0:00:00]} Qf3 {[%emt 0:00:01]} 89. Kg1 {[%emt 0:00:01]} Qe2 {[%emt 0:00:01]} 90. Kh1 {[%emt 0:00:00]} Kg5 {[%emt 0:00:01]} 91. Kg1 {[%emt 0:00:00]} Kg4 {[%emt 0:00:01]} 92. Kh1 {[%emt 0:00:02]} Kg3 {[%emt 0:00:01]} 93. Kg1 {[%emt 0:00:00]} Qe1# {[%emt 0:00:00] (Lag: Av=0.78s, max=1.4s) (Lag: Av=0.78s, max=1.4s) (Lag: Av=0.78s, max=1.4s)} 0-1

[Event "Stay Safe Play From Home 384"]
[Site "Emanuel Lasker Arena"]
[Date "2020.08.14"]
[Round "3"]
[White "Dukic"]
[Black "Kongle"]
[Result "1-0"]
[WhiteElo "1904"]
[BlackElo "1760"]
[PlyCount "103"]
[EventDate "2020.08.14"]
[EventType "swiss (blitz)"]

1. c4 {[%emt 0:00:03]} e5 {[%emt 0:00:10]} 2. Nc3 {[%emt 0:00:00]} Nc6 {[%emt 0:00:03]} 3. Nf3 {[%emt 0:00:02]} f5 {[%emt 0:00:01]} 4. d4 {[%emt 0:00:02]} e4 {[%emt 0:00:02]} 5. Ng5 {[%emt 0:00:01]} Be7 {[%emt 0:00:03]} 6. Nh3 {[%emt 0:00:01]} Nf6 {[%emt 0:00:01]} 7. g3 {[%emt 0:00:01]} d5 {[%emt 0:00:03]} 8. cxd5 {[%emt 0:00:14]} Nxd5 {[%emt 0:00:02]} 9. Bg2 {[%emt 0:00:02]} Be6 {[%emt 0:00:05]} 10. O-O {[%emt 0:00:02]} O-O {[%emt 0:00:02]} 11. f3 {[%emt 0:00:18]} exf3 {[%emt 0:00:13]} 12. Bxf3 {[%emt 0:00:05]} f4 {[%emt 0:00:18]} 13. Bxd5 {[%emt 0:01:06]} Bxd5 {[%emt 0:00:04]} 14. Nxf4 {[%emt 0:00:08]} Bc4 {[%emt 0:00:14]} 15. d5 {[%emt 0:00:05]} Bc5+ {[%emt 0:00:12]} 16. Kg2 {[%emt 0:00:04]} Ne7 {[%emt 0:00:06]} 17. Ne6 {[%emt 0:00:04]} Qd6 {[%emt 0:00:12]} 18. Rxf8+ {[%emt 0:00:08]} Rxf8 {[%emt 0:00:06]} 19. Nxf8 {[%emt 0:00:03]} Kxf8 {[%emt 0:00:02]} 20. Bf4 {[%emt 0:00:02]} Qa6 {[%emt 0:00:19]} 21. e4 {[%emt 0:00:07]} Kg8 {[%emt 0:00:09]} 22. b3 {[%emt 0:00:04]} Bd3 {[%emt 0:00:03]} 23. Qd2 {[%emt 0:00:11]} Bd4 {[%emt 0:00:05]} 24. Rd1 {[%emt 0:00:08]} Bxc3 {[%emt 0:00:06]} 25. Qxd3 {[%emt 0:00:01]} Bb4 {[%emt 0:00:06]} 26. Qxa6 {[%emt 0:00:02]} bxa6 {[%emt 0:00:01]} 27. Bxc7 {[%emt 0:00:01]} Ng6 {[%emt 0:00:09]} 28. d6 {[%emt 0:00:05]} Ne5 {[%emt 0:00:02]} 29. d7 {[%emt 0:00:01]} Nxd7 {[%emt 0:00:01]} 30. Rxd7 {[%emt 0:00:01]} a5 {[%emt 0:00:01]} 31. Be5 {[%emt 0:00:02]} g6 {[%emt 0:00:04]} 32. Rg7+ {[%emt 0:00:04]} Kf8 {[%emt 0:00:01]} 33. Rxh7 {[%emt 0:00:01]} a4 {[%emt 0:00:01]} 34. Rxa7 {[%emt 0:00:02]} axb3 {[%emt 0:00:02]} 35. axb3 {[%emt 0:00:01]} g5 {[%emt 0:00:04]} 36. Kf3 {[%emt 0:00:01]} Bd2 {[%emt 0:00:03]} 37. Kg4 {[%emt 0:00:01]} Be3 {[%emt 0:00:02]} 38. Kf5 {[%emt 0:00:01]} Bxa7 {[%emt 0:00:03]} 39. Kxg5 {[%emt 0:00:03]} Kf7 {[%emt 0:00:01]} 40. Kf5 {[%emt 0:00:01]} Bc5 {[%emt 0:00:02]} 41. h4 {[%emt 0:00:01]} Be3 {[%emt 0:00:02]} 42. g4 {[%emt 0:00:01]} Bf2 {[%emt 0:00:03]} 43. h5 {[%emt 0:00:02]} Be3 {[%emt 0:00:01]} 44. g5 {[%emt 0:00:01]} Kg8 {[%emt 0:00:03]} 45. b4 {[%emt 0:00:03]} Kh7 {[%emt 0:00:02]} 46. b5 {[%emt 0:00:01]} Bb6 {[%emt 0:00:03]} 47. Bf6 {[%emt 0:00:05]} Ba5 {[%emt 0:00:10]} 48. e5 {[%emt 0:00:01]} Bb6 {[%emt 0:00:01]} 49. e6 {[%emt 0:00:01]} Bc7 {[%emt 0:00:07]} 50. e7 {[%emt 0:00:01]} Bb6 {[%emt 0:00:16]} 51. e8=Q {[%emt 0:00:01]} Bd4 {[%emt 0:00:03]} 52. Qf7# {[%emt 0:00:01] (Lag: Av=0.66s, max=4.4s) (Lag: Av=0.66s, max=4.4s) (Lag: Av=0.66s, max=4.4s)} 1-0

[Event "Stay Safe Play From Home 384"]
[Site "Emanuel Lasker Arena"]
[Date "2020.08.14"]
[Round "3"]
[White "Padmaesh M K"]
[Black "Timbre"]
[Result "0-1"]
[WhiteElo "1789"]
[BlackElo "1646"]
[Annotator "NA"]
[PlyCount "152"]
[EventDate "2020.08.14"]
[EventType "swiss (blitz)"]

1. e4 {[%emt 0:00:01]} c6 {[%emt 0:00:03]} 2. c4 {[%emt 0:00:02]} d5 {[%emt 0:00:02]} 3. exd5 {[%emt 0:00:01]} cxd5 {[%emt 0:00:02]} 4. d4 {[%emt 0:00:00]} Nf6 {[%emt 0:00:02]} 5. Nc3 {[%emt 0:00:01]} Nc6 {[%emt 0:00:01]} 6. Nf3 {[%emt 0:00:01]} e6 {[%emt 0:00:02]} 7. cxd5 {[%emt 0:00:01]} Nxd5 {[%emt 0:00:03]} 8. Qb3 {[%emt 0:00:03]} Nf6 {[%emt 0:00:10]} 9. Be3 {[%emt 0:00:05]} Bd6 {[%emt 0:00:03]} 10. Bd3 {[%emt 0:00:08]} O-O {[%emt 0:00:04]} 11. O-O {[%emt 0:00:04]} e5 {[%emt 0:00:05]} 12. d5 {[%emt 0:00:05]} Ne7 {[%emt 0:00:05]} 13. Rad1 {[%emt 0:00:05]} Bg4 {[%emt 0:00:02]} 14. Ne4 {[%emt 0:00:09]} Nxe4 {[%emt 0:00:07]} 15. Bxe4 {[%emt 0:00:02]} Bxf3 {[%emt 0:00:05]} 16. Bxf3 {[%emt 0:00:01]} Ng6 {[%emt 0:00:04]} 17. Rc1 {[%emt 0:00:03]} b6 {[%emt 0:00:05]} 18. Rc6 {[%emt 0:00:04]} Qe7 {[%emt 0:00:03]} 19. Rfc1 {[%emt 0:00:02]} Rad8 {[%emt 0:00:05]} 20. Qa4 {[%emt 0:00:22]} Nh4 {[%emt 0:00:05]} 21. Be2 {[%emt 0:00:07]} Nf5 {[%emt 0:00:04]} 22. Qa6 {[%emt 0:00:15]} Nxe3 {[%emt 0:00:03]} 23. fxe3 {[%emt 0:00:01]} Qg5 {[%emt 0:00:08]} 24. Kh1 {[%emt 0:00:11]} Qxe3 {[%emt 0:00:03]} 25. R1c3 {[%emt 0:00:03]} Qf4 {[%emt 0:00:07]} 26. Rg3 {[%emt 0:00:18]} e4 {[%emt 0:00:12]} 27. Qc4 {[%emt 0:00:19]} Qf2 {[%emt 0:00:08]} 28. Rxd6 {[%emt 0:00:19]} Rxd6 {[%emt 0:00:08]} 29. Qc3 {[%emt 0:00:10]} f6 {[%emt 0:00:23]} 30. Rg4 {[%emt 0:00:13]} e3 {[%emt 0:00:16]} 31. h3 {[%emt 0:00:06]} Rfd8 {[%emt 0:00:07]} 32. Qc7 {[%emt 0:00:12]} R6d7 {[%emt 0:00:10]} 33. Qc4 {[%emt 0:00:11]} Qf5 {[%emt 0:00:15]} 34. Bd3 {[%emt 0:00:12]} Qe5 {[%emt 0:00:09]} 35. d6+ {[%emt 0:00:05]} Kh8 {[%emt 0:00:03]} 36. Rh4 {[%emt 0:00:01]} h6 {[%emt 0:00:05]} 37. Qg4 {[%emt 0:00:02]} Qg5 {[%emt 0:00:08]} 38. Qe4 {[%emt 0:00:02]} g6 {[%emt 0:00:08]} 39. Rg4 {[%emt 0:00:07]} Qf5 {[%emt 0:00:06]} 40. Qxf5 {[%emt 0:00:02]} gxf5 {[%emt 0:00:02]} 41. Bxf5 {[%emt 0:00:00]} Rxd6 {[%emt 0:00:01]} 42. Re4 {[%emt 0:00:01]} Rd1+ {[%emt 0:00:07]} 43. Kh2 {[%emt 0:00:01]} R1d2 {[%emt 0:00:01]} 44. Rxe3 {[%emt 0:00:02]} Rxb2 {[%emt 0:00:01]} 45. Kg3 {[%emt 0:00:01]} Rxa2 {[%emt 0:00:01]} 46. Be4 {[%emt 0:00:02]} Ra4 {[%emt 0:00:03]} 47. Kf3 {[%emt 0:00:01]} Rdd4 {[%emt 0:00:03]} 48. Bf5 {[%emt 0:00:01]} Kg7 {[%emt 0:00:01]} 49. g4 {[%emt 0:00:01]} Rf4+ {[%emt 0:00:04]} 50. Kg3 {[%emt 0:00:01]} Ra5 {[%emt 0:00:03]} 51. Rd3 {[%emt 0:00:01]} Rfa4 {[%emt 0:00:04]} 52. Rd7+ {[%emt 0:00:01]} Kf8 {[%emt 0:00:01]} 53. Kh4 {[%emt 0:00:01]} Rxf5 {[%emt 0:00:03]} 54. Kg3 {[%emt 0:00:02]} Re5 {[%emt 0:00:01]} 55. Rh7 {[%emt 0:00:01]} f5 {[%emt 0:00:03]} 56. Rxh6 {[%emt 0:00:01]} fxg4 {[%emt 0:00:01]} 57. hxg4 {[%emt 0:00:00]} Rg5 {[%emt 0:00:03]} 58. Rh8+ {[%emt 0:00:01]} Kg7 {[%emt 0:00:02]} 59. Rh4 {[%emt 0:00:01]} Raxg4+ {[%emt 0:00:02]} 60. Rxg4 {[%emt 0:00:01]} Rxg4+ {[%emt 0:00:01]} 61. Kxg4 {[%emt 0:00:00]} a5 {[%emt 0:00:01]} 62. Kf4 {[%emt 0:00:00]} b5 {[%emt 0:00:01]} 63. Ke4 {[%emt 0:00:00]} a4 {[%emt 0:00:01]} 64. Kd3 {[%emt 0:00:00]} b4 {[%emt 0:00:01]} 65. Kc2 {[%emt 0:00:00]} a3 {[%emt 0:00:01]} 66. Kb3 {[%emt 0:00:03]} Kf6 {[%emt 0:00:01]} 67. Ka2 {[%emt 0:00:01]} Ke5 {[%emt 0:00:01]} 68. Kb3 {[%emt 0:00:00]} Kd4 {[%emt 0:00:01]} 69. Kxb4 {[%emt 0:00:00]} a2 {[%emt 0:00:01]} 70. Ka3 {[%emt 0:00:00]} a1=Q+ {[%emt 0:00:01]} 71. Kb4 {[%emt 0:00:00]} Qc3+ {[%emt 0:00:01]} 72. Kb5 {[%emt 0:00:00]} Kd5 {[%emt 0:00:01]} 73. Kb6 {[%emt 0:00:00]} Kd6 {[%emt 0:00:01]} 74. Ka6 {[%emt 0:00:00]} Qb4 {[%emt 0:00:03]} 75. Ka7 {[%emt 0:00:00]} Kc7 {[%emt 0:00:02]} 76. Ka8 {[%emt 0:00:00]} Qb7# {[%emt 0:00:01] (Lag: Av=0.70s, max=1.3s) (Lag: Av=0.70s, max=1.3s) (Lag: Av=0.70s, max=1.3s)} 0-1

[Event "Stay Safe Play From Home 384"]
[Site "Emanuel Lasker Arena"]
[Date "2020.08.14"]
[Round "3"]
[White "Buzaglo"]
[Black "Roefe Detlef"]
[Result "1-0"]
[WhiteElo "1743"]
[BlackElo "1744"]
[Annotator "NA"]
[PlyCount "91"]
[EventDate "2020.08.14"]
[EventType "swiss (blitz)"]

1. d4 {[%emt 0:00:03]} Nf6 {[%emt 0:00:02]} 2. Nf3 {[%emt 0:00:01]} e6 {[%emt 0:00:01]} 3. g3 {[%emt 0:00:01]} c5 {[%emt 0:00:01]} 4. Bg2 {[%emt 0:00:02]} cxd4 {[%emt 0:00:01]} 5. Nxd4 {[%emt 0:00:02]} a6 {[%emt 0:00:01]} 6. O-O {[%emt 0:00:01]} d6 {[%emt 0:00:01]} 7. c4 {[%emt 0:00:02]} Be7 {[%emt 0:00:01]} 8. Nc3 {[%emt 0:00:01]} Qc7 {[%emt 0:00:01]} 9. b3 {[%emt 0:00:05]} Nbd7 {[%emt 0:00:02]} 10. Bb2 {[%emt 0:00:02]} O-O {[%emt 0:00:01]} 11. Rc1 {[%emt 0:00:02]} Re8 {[%emt 0:00:01]} 12. Nf3 {[%emt 0:00:17]} Nf8 {[%emt 0:00:01]} 13. Qc2 {[%emt 0:00:05]} Bd7 {[%emt 0:00:01]} 14. Rfd1 {[%emt 0:00:02]} Rad8 {[%emt 0:00:01]} 15. Ba3 {[%emt 0:00:08]} Bc8 {[%emt 0:00:05]} 16. Nd4 {[%emt 0:00:25]} Ng6 {[%emt 0:00:04]} 17. h4 {[%emt 0:00:17]} Nd7 {[%emt 0:00:02]} 18. Nf3 {[%emt 0:00:15]} Nc5 {[%emt 0:00:02]} 19. h5 {[%emt 0:00:09]} Nf8 {[%emt 0:00:02]} 20. h6 {[%emt 0:00:02]} g6 {[%emt 0:00:04]} 21. Ne4 {[%emt 0:00:03]} b6 {[%emt 0:00:03]} 22. Qc3 {[%emt 0:00:04]} e5 {[%emt 0:00:10]} 23. Nxc5 {[%emt 0:00:04]} bxc5 {[%emt 0:00:04]} 24. Bb2 {[%emt 0:00:04]} Bf6 {[%emt 0:00:04]} 25. Qd2 {[%emt 0:00:09]} Bb7 {[%emt 0:00:05]} 26. Ng5 {[%emt 0:00:06]} Bxg2 {[%emt 0:00:09]} 27. Kxg2 {[%emt 0:00:01]} Ne6 {[%emt 0:00:05]} 28. Ne4 {[%emt 0:00:03]} Be7 {[%emt 0:00:01]} 29. Kg1 {[%emt 0:00:04]} Kf8 {[%emt 0:00:07]} 30. f4 {[%emt 0:00:06]} f5 {[%emt 0:00:03]} 31. Nf2 {[%emt 0:00:11]} Nd4 {[%emt 0:00:02]} 32. fxe5 {[%emt 0:00:18]} dxe5 {[%emt 0:00:02]} 33. Qe3 {[%emt 0:00:02]} Bf6 {[%emt 0:00:06]} 34. b4 {[%emt 0:00:03]} f4 {[%emt 0:00:08]} 35. Qe4 {[%emt 0:00:15]} fxg3 {[%emt 0:00:05]} 36. Ng4 {[%emt 0:00:01]} Bg5 {[%emt 0:00:19]} 37. e3 {[%emt 0:00:02]} Ne2+ {[%emt 0:00:04]} 38. Kg2 {[%emt 0:00:05]} Nxc1 {[%emt 0:00:03]} 39. Rxc1 {[%emt 0:00:07]} Rd2+ {[%emt 0:00:10]} 40. Kxg3 {[%emt 0:00:01]} Rxb2 {[%emt 0:00:02]} 41. Qd5 {[%emt 0:00:06]} Qf7 {[%emt 0:00:09]} 42. Qd6+ {[%emt 0:00:06]} Kg8 {[%emt 0:00:30]} 43. bxc5 {[%emt 0:00:06]} Rd8 {[%emt 0:00:03]} 44. Qxe5 {[%emt 0:00:07]} Be7 {[%emt 0:00:06]} 45. Qxb2 {[%emt 0:00:02]} Qf5 {[%emt 0:00:07]} 46. Qg7# {[%emt 0:00:04] (Lag: Av=0.45s, max=0.9s) (Lag: Av=0.45s, max=0.9s) (Lag: Av=0.45s, max=0.9s)} 1-0

[Event "Stay Safe Play From Home 384"]
[Site "Emanuel Lasker Arena"]
[Date "2020.08.14"]
[Round "4"]
[White "Hickey"]
[Black "Lazieri3"]
[Result "1/2-1/2"]
[WhiteElo "2121"]
[BlackElo "2113"]
[PlyCount "34"]
[EventDate "2020.08.14"]
[EventType "swiss (blitz)"]

1. Nf3 {[%emt 0:00:19]} c6 {[%emt 0:00:00]} 2. b3 {[%emt 0:00:01]} d5 {[%emt 0:00:00]} 3. Bb2 {[%emt 0:00:01]} Nf6 {[%emt 0:00:02]} 4. e3 {[%emt 0:00:01]} Bf5 {[%emt 0:00:01]} 5. Be2 {[%emt 0:00:02]} e6 {[%emt 0:00:01]} 6. Nh4 {[%emt 0:00:01]} Bg6 {[%emt 0:00:04]} 7. O-O {[%emt 0:00:04]} Bd6 {[%emt 0:00:02]} 8. d3 {[%emt 0:00:05]} Nbd7 {[%emt 0:00:01]} 9. Nd2 {[%emt 0:00:02] Lazieri3 offers a draw Lazieri3 offers a draw Lazieri3 offers a draw} a6 {[%emt 0:00:06]} 10. Qe1 {[%emt 0:00:19]} Qc7 {[%emt 0:00:37]} 11. f4 {[%emt 0:00:03]} O-O-O {[%emt 0:00:05]} 12. Ndf3 {[%emt 0:00:05]} h6 {[%emt 0:00:03]} 13. Nxg6 {[%emt 0:00:03]} fxg6 {[%emt 0:00:00]} 14. h3 {[%emt 0:00:15]} e5 {[%emt 0:00:07]} 15. fxe5 {[%emt 0:00:05]} Nxe5 {[%emt 0:00:00] Lazieri3 offers a draw Lazieri3 offers a draw Lazieri3 offers a draw} 16. Nxe5 {[%emt 0:01:21]} Bxe5 {[%emt 0:00:00] Hickey offers a draw Hickey offers a draw Hickey offers a draw} 17. Bxe5 {[%emt 0:00:26]} Qxe5 {[%emt 0:00:00] Lazieri3 offers a draw Lazieri3 offers a draw Lazieri3 offers a draw (Lag: Av=0.69s, max=1.1s) (Lag: Av=0.69s, max=1.1s) (Lag: Av=0.69s, max=1.1s)} 1/2-1/2

[Event "Stay Safe Play From Home 384"]
[Site "Emanuel Lasker Arena"]
[Date "2020.08.14"]
[Round "4"]
[White "Haris kollari 13"]
[Black "Uttamchess"]
[Result "1-0"]
[WhiteElo "1969"]
[BlackElo "1914"]
[Annotator "NA"]
[PlyCount "81"]
[EventDate "2020.08.14"]
[EventType "swiss (blitz)"]

1. e4 {[%emt 0:00:03]} c5 {[%emt 0:00:01]} 2. Nf3 {[%emt 0:00:02]} d6 {[%emt 0:00:01]} 3. d4 {[%emt 0:00:01]} cxd4 {[%emt 0:00:00]} 4. Nxd4 {[%emt 0:00:01]} Nf6 {[%emt 0:00:01]} 5. Nc3 {[%emt 0:00:01]} g6 {[%emt 0:00:01]} 6. f4 {[%emt 0:00:01]} Nc6 {[%emt 0:00:02]} 7. Be3 {[%emt 0:00:01]} Bd7 {[%emt 0:00:01]} 8. Be2 {[%emt 0:00:01]} Bg7 {[%emt 0:00:00]} 9. h3 {[%emt 0:00:01]} O-O {[%emt 0:00:01]} 10. Qd2 {[%emt 0:00:01]} e5 {[%emt 0:00:08]} 11. Nf3 {[%emt 0:00:06]} Qe7 {[%emt 0:00:12]} 12. O-O-O {[%emt 0:00:03]} Ne8 {[%emt 0:00:04]} 13. g4 {[%emt 0:00:02]} Bc8 {[%emt 0:00:29]} 14. f5 {[%emt 0:00:01]} f6 {[%emt 0:00:08]} 15. h4 {[%emt 0:00:12]} gxf5 {[%emt 0:00:08]} 16. gxf5 {[%emt 0:00:03]} Kh8 {[%emt 0:00:09]} 17. Nd5 {[%emt 0:00:06]} Qf7 {[%emt 0:00:06]} 18. h5 {[%emt 0:00:02]} Rg8 {[%emt 0:00:05]} 19. Kb1 {[%emt 0:00:03]} b6 {[%emt 0:00:12]} 20. Bc4 {[%emt 0:00:01]} Na5 {[%emt 0:00:02]} 21. Be2 {[%emt 0:00:13]} Bb7 {[%emt 0:00:04]} 22. c4 {[%emt 0:00:03]} Rc8 {[%emt 0:00:04]} 23. b3 {[%emt 0:00:02]} Nc6 {[%emt 0:00:15]} 24. Rdg1 {[%emt 0:00:10]} Ne7 {[%emt 0:00:02]} 25. Nh4 {[%emt 0:00:06]} Bxd5 {[%emt 0:00:30]} 26. cxd5 {[%emt 0:00:02]} h6 {[%emt 0:00:42]} 27. Bxh6 {[%emt 0:00:05]} Kh7 {[%emt 0:00:06]} 28. Be3 {[%emt 0:00:05]} Nc7 {[%emt 0:00:13]} 29. h6 {[%emt 0:00:02]} Bf8 {[%emt 0:00:02]} 30. Ng6 {[%emt 0:00:01]} a5 {[%emt 0:00:06]} 31. Nxf8+ {[%emt 0:00:04]} Rcxf8 {[%emt 0:00:01]} 32. Bxb6 {[%emt 0:00:08]} Ncxd5 {[%emt 0:00:01]} 33. exd5 {[%emt 0:00:03]} Nxd5 {[%emt 0:00:01]} 34. Bc4 {[%emt 0:00:06]} Qb7 {[%emt 0:00:01]} 35. Bxd5 {[%emt 0:00:04]} Qxb6 {[%emt 0:00:01]} 36. Rxg8 {[%emt 0:00:01]} Rxg8 {[%emt 0:00:01]} 37. Bxg8+ {[%emt 0:00:01]} Kxg8 {[%emt 0:00:01]} 38. Qg2+ {[%emt 0:00:03]} Kf8 {[%emt 0:00:00]} 39. h7 {[%emt 0:00:01]} Qe3 {[%emt 0:00:03]} 40. h8=Q+ {[%emt 0:00:02]} Ke7 {[%emt 0:00:00]} 41. Rh7# {[%emt 0:00:03] (Lag: Av=0.77s, max=1.5s) (Lag: Av=0.77s, max=1.5s) (Lag: Av=0.77s, max=1.5s)} 1-0